[Event "AUTO-OPEN-868"]
[Site "http://www.queenalice.com/game.php?id=374026"]
[Date "2008.3.20"]
[Round "2"]
[White "Paked"]
[Black "Kaka"]
[Result "1-0"]
[WhiteElo "1923"]
[BlackElo "1543"]

1. e4 c6 2. d4 d5 3. e5 Bf5 4. Nf3 e6 5. Bd3 Bb4+ 6. c3 Qb6 7. cxb4 Qxb4+ 8. Nc3
Nd7 9. Qc2 Nh6 10. Bxh6 gxh6 11. Bxf5 exf5 12. a3 Qa5 13. Qxf5 O-O-O 14. O-O
Rdf8 15. b4 Qa6 16. a4 1-0

[Event "AUTO-OPEN-868"]
[Site "http://www.queenalice.com/game.php?id=374027"]
[Date "2008.3.20"]
[Round "2"]
[White "Kaka"]
[Black "Paked"]
[Result "0-1"]
[WhiteElo "1541"]
[BlackElo "1925"]

1. e4 e5 2. Bc4 Nc6 3. Nc3 Nf6 4. d3 Bb4 5. a3 Bxc3+ 6. bxc3 d5 7. exd5 Nxd5 8.
Nf3 Nxc3 9. Qd2 Nd5 10. Ng5 O-O 11. O-O Nf4 12. Nxf7 Rxf7 13. Qc3 Ne2+ 14. Kh1
Nxc3 0-1

[Event "AUTO-ADV-842"]
[Site "http://www.queenalice.com/game.php?id=374177"]
[Date "2008.3.20"]
[Round "1"]
[White "Jac"]
[Black "Kaka"]
[Result "1-0"]
[WhiteElo "1883"]
[BlackElo "1571"]

1. e4 c6 2. Nf3 Nf6 3. Nc3 d6 4. d4 d5 5. exd5 a6 6. dxc6 Nxc6 7. Bc4 Bg4 8. d5
Nb4 9. a3 Nfxd5 10. Nxd5 Nxd5 11. Bxd5 Rc8 12. Bxb7 Qa5+ 13. Bd2 Qh5 14. Bxc8
Bxc8 15. h3 e5 16. Qe2 Bd6 17. O-O-O O-O 18. g4 Qg6 19. Rhe1 Be6 20. Bc3 Ba2 21.
Qxa6 e4 22. Rxd6 f6 23. b3 exf3 24. Red1 Qg5+ 25. Kb2 Bxb3 26. cxb3 h6 27. Rd8
Qg6 28. Rxf8+ Kh7 29. Qd3 1-0

[Event "AUTO-ADV-842"]
[Site "http://www.queenalice.com/game.php?id=374178"]
[Date "2008.3.20"]
[Round "1"]
[White "Kaka"]
[Black "Jac"]
[Result "0-1"]
[WhiteElo "1641"]
[BlackElo "1944"]

1. e4 e5 2. d4 exd4 3. Qxd4 Nc6 4. Qd1 Nf6 5. Bg5 Be7 6. Nf3 Nxe4 7. h4 Nxg5 8.
hxg5 Bxg5 9. Nc3 Bf6 10. Na4 O-O 11. c3 Re8+ 12. Be2 d6 13. Qd3 Ne5 14. Nxe5
Bxe5 15. O-O-O g6 16. g4 Qg5+ 17. Rd2 Bf4 18. Rd1 Bxd2+ 19. Rxd2 Bxg4 20. f3 Bf5
21. Qc4 c5 22. Kd1 Rad8 23. Qb5 Kg7 24. Qxb7 Qg1+ 0-1

[Event "AUTO-ADV-842"]
[Site "http://www.queenalice.com/game.php?id=374191"]
[Date "2008.3.20"]
[Round "1"]
[White "Chazam"]
[Black "Kaka"]
[Result "1-0"]
[WhiteElo "1740"]
[BlackElo "1581"]

1. e4 d5 2. exd5 Qxd5 3. Nc3 Qe5+ 4. Be2 Nc6 5. Nf3 Qc5 6. d4 Qd6 7. g3 Bf5 8.
Be3 Nf6 9. a3 e6 10. Nb5 Qd7 11. c4 a6 12. Nc3 Bh3 13. Ng1 Bg2 14. Bf3 Bxh1 15.
Bxh1 Be7 16. h3 e5 17. dxe5 1-0

[Event "AUTO-ADV-842"]
[Site "http://www.queenalice.com/game.php?id=374192"]
[Date "2008.3.20"]
[Round "1"]
[White "Kaka"]
[Black "Chazam"]
[Result "0-1"]
[WhiteElo "1591"]
[BlackElo "1730"]

1. e4 e5 2. Nf3 Nc6 3. Bc4 h6 4. a3 Nf6 5. d4 exd4 6. Nxd4 Nxd4 7. Qxd4 b6 8. e5
Qe7 9. O-O Ng8 10. Qd5 c6 11. Qf3 f6 12. Qh5+ Kd8 13. exf6 Qxf6 14. Nd2 g6 15.
Qf3 Qxf3 16. Nxf3 Nf6 0-1

[Event "AUTO-ADV-842"]
[Site "http://www.queenalice.com/game.php?id=374199"]
[Date "2008.3.20"]
[Round "1"]
[White "Augustodombosco"]
[Black "Kaka"]
[Result "1-0"]
[WhiteElo "1877"]
[BlackElo "1637"]

1. e4 c6 2. d4 d5 3. Nc3 h5 4. Be2 Nf6 5. e5 Ng4 6. h3 Nxf2 7. Kxf2 e6 8. h4 f6
9. Bxh5+ Ke7 10. Qf3 Kd7 11. Nh3 g6 12. Bxg6 Bg7 13. Re1 Rxh4 14. exf6 Bxf6 15.
Bf4 Na6 16. Rxe6 Kxe6 17. Re1+ Be5 18. Rxe5+ Kf6 19. Bg5+ Kxg6 20. Bxd8 Bxh3 21.
Qg3+ Rg4 22. Qxh3 Rf4+ 23. Kg3 Rf8 24. Qh5+ Kg7 25. Rg5# 1-0

[Event "AUTO-ADV-842"]
[Site "http://www.queenalice.com/game.php?id=374200"]
[Date "2008.3.20"]
[Round "1"]
[White "Kaka"]
[Black "Augustodombosco"]
[Result "0-1"]
[WhiteElo "1596"]
[BlackElo "1860"]

1. e4 e5 2. Bc4 Nc6 3. Nf3 Bc5 4. d4 exd4 5. Qd3 h6 6. a3 a5 7. e5 d6 8. Qe4 Qe7
9. Bd5 Nxe5 10. Nxe5 dxe5 11. Nd2 c6 12. Bxc6+ Kd8 13. Qd5+ Bd6 14. Nc4 bxc6 15.
Qxc6 Ra6 16. Qb5 Qb7 17. Nxd6 Qxb5 18. Nxb5 a4 19. b4 Bd7 20. Nxd4 exd4 21. O-O
Nf6 22. Re1 Re6 23. Bb2 Rxe1+ 24. Rxe1 Bf5 25. Bxd4 Nh5 26. Bb6+ Kd7 0-1

[Event "AUTO-INT-840"]
[Site "http://www.queenalice.com/game.php?id=374237"]
[Date "2008.3.20"]
[Round "1"]
[White "Kaka"]
[Black "malcon_2006"]
[Result "0-1"]
[WhiteElo "1521"]
[BlackElo "1578"]

1. e4 e5 2. d4 d6 3. h3 Nf6 4. Qf3 g6 5. Bg5 Bg7 6. Nc3 exd4 7. Nd5 O-O 8. Bxf6
Qe8 9. Nxc7 Qc6 10. Nxa8 Bh6 11. Be7 Re8 12. Bxd6 Qxd6 13. Bc4 Qb4+ 14. c3 Qxc4
15. Ne2 Nc6 16. Nc7 Rd8 17. O-O dxc3 18. b3 Qc5 19. Rad1 Ne5 20. Rxd8+ Kg7 21.
Qg3 Qxc7 22. Re8 c2 0-1

[Event "AUTO-INT-840"]
[Site "http://www.queenalice.com/game.php?id=374238"]
[Date "2008.3.20"]
[Round "1"]
[White "malcon_2006"]
[Black "Kaka"]
[Result "1-0"]
[WhiteElo "1592"]
[BlackElo "1507"]

1. e4 c6 2. Qf3 f6 3. Nc3 h5 4. d3 e5 5. g3 Qb6 6. Bh3 Bc5 7. Be3 Qxb2 8. Rd1
Qxc3+ 9. Bd2 Qxc2 10. Rc1 Qxa2 11. g4 d6 12. g5 Bb4 13. Bxb4 Qb2 14. Ne2 Qxb4+
15. Nc3 Qb2 16. Ne2 Qb4+ 17. Nc3 Bxh3 18. Qxh3 Qb2 19. Ne2 Nd7 20. Rd1 Qb4+ 21.
Kf1 O-O-O 22. Qg2 Ne7 23. gxf6 1-0

[Event "AUTO-INT-840"]
[Site "http://www.queenalice.com/game.php?id=374239"]
[Date "2008.3.20"]
[Round "1"]
[White "Kaka"]
[Black "pjanderson"]
[Result "0-1"]
[WhiteElo "1386"]
[BlackElo "1744"]

1. e4 e5 2. Bc4 Qf6 3. d3 Bc5 4. f3 Bxg1 5. Rxg1 Ne7 6. Nc3 Nbc6 7. Nb5 O-O 8.
Nxc7 Rb8 9. b3 a6 10. g3 Qd6 11. Nd5 Nxd5 12. Bxd5 Nb4 13. Bc4 b5 14. Bb2 Qf6
15. Qe2 bxc4 16. dxc4 Nc6 17. O-O-O Nb4 18. Kb1 Re8 19. Rd2 a5 20. a4 Ba6 21.
Rf1 d5 22. exd5 Nxd5 23. Rxd5 Qg6 24. Rxa5 e4 25. fxe4 Rxe4 0-1

[Event "AUTO-INT-840"]
[Site "http://www.queenalice.com/game.php?id=374240"]
[Date "2008.3.20"]
[Round "1"]
[White "pjanderson"]
[Black "Kaka"]
[Result "1-0"]
[WhiteElo "1742"]
[BlackElo "1388"]

1. e4 c6 2. Bc4 a6 3. a4 Nf6 4. e5 Ne4 5. Qf3 d5 6. Bd3 Ng5 7. Qf4 f6 8. exf6
gxf6 9. b4 Nd7 10. Bb2 e5 11. Qh4 h5 12. Bg6+ Nf7 13. Bxh5 Bg7 14. Nf3 b5 15.
Bxf7+ Kxf7 16. Qg3 Qe7 17. c3 Bb7 18. O-O Bh6 19. d4 e4 20. Nh4 Nb6 21. Nf5 Qf8
22. Nd6+ Ke6 23. Nxb7 Re8 24. Nc5+ Kf7 25. Qc7+ 1-0

[Event "AUTO-OPEN-1063"]
[Site "http://www.queenalice.com/game.php?id=374570"]
[Date "2008.3.21"]
[Round "1"]
[White "gomonkey"]
[Black "Kaka"]
[Result "0-1"]
[WhiteElo "1407"]
[BlackElo "1613"]

1. e4 c6 2. d4 d5 3. e5 Bf5 4. c3 Na6 5. g4 Be4 6. f3 Bg6 7. Nh3 h6 8. a4 Qa5 9.
b4 Nxb4 10. cxb4 Qxb4+ 11. Bd2 Qxd4 12. Nc3 Qxe5+ 13. Qe2 Qd4 14. Rd1 e6 15. f4
Be7 16. Qe5 Bh4+ 17. Ke2 Qd3# 0-1

[Event "AUTO-OPEN-1063"]
[Site "http://www.queenalice.com/game.php?id=374571"]
[Date "2008.3.21"]
[Round "1"]
[White "Kaka"]
[Black "gomonkey"]
[Result "0-1"]
[WhiteElo "1539"]
[BlackElo "1496"]

1. e4 e5 2. Nf3 d6 3. Bc4 Nf6 4. h3 Nxe4 5. Qe2 c6 6. Qxe4 f6 7. d3 d5 8. Bxd5
cxd5 9. Qa4+ Bd7 10. Qh4 d4 11. a3 Be7 12. Qh5+ g6 13. Qh6 Bf8 14. Qh4 Bc6 15.
Nbd2 h5 16. Ne4 g5 17. Nfxg5 fxg5 18. Nxg5 Be7 19. Bd2 Rg8 20. Qxh5+ Kd7 21. Qf7
Kc8 22. Qe6+ Bd7 23. Qc4+ Bc6 24. Nf7 Qf8 25. Bh6 Qe8 26. Qe6+ Bd7 0-1

[Event "AUTO-OPEN-1063"]
[Site "http://www.queenalice.com/game.php?id=374596"]
[Date "2008.3.21"]
[Round "1"]
[White "rrainey22"]
[Black "Kaka"]
[Result "1-0"]
[WhiteElo "1815"]
[BlackElo "1451"]

1. e4 c6 2. e5 d6 3. d4 d5 4. c3 Bf5 5. Bd3 Qd7 6. Qf3 Bg4 7. Qf4 h5 8. f3 Nh6
9. fxg4 Nxg4 10. Bf5 e6 11. Bxg4 hxg4 12. Qxg4 g6 13. Ne2 Na6 14. Bg5 Be7 15.
Nd2 O-O-O 16. h3 Rh5 17. Bxe7 1-0

[Event "AUTO-OPEN-1063"]
[Site "http://www.queenalice.com/game.php?id=374597"]
[Date "2008.3.21"]
[Round "1"]
[White "Kaka"]
[Black "rrainey22"]
[Result "0-1"]
[WhiteElo "1453"]
[BlackElo "1813"]

1. e4 e5 2. Nf3 d5 3. Bb5+ c6 4. Ba4 b5 5. Bb3 dxe4 6. Nxe5 Nh6 7. h3 Qe7 8. d4
exd3 9. Qh5 Be6 10. Bxe6 Qxe6 11. cxd3 Nd7 12. d4 c5 13. Nc3 cxd4 14. Nxb5 Bd6
15. Bf4 O-O 16. O-O Nf5 0-1

[Event "AUTO-OPEN-1063"]
[Site "http://www.queenalice.com/game.php?id=374612"]
[Date "2008.3.21"]
[Round "1"]
[White "cirilovsk"]
[Black "Kaka"]
[Result "0-1"]
[WhiteElo "1412"]
[BlackElo "1620"]

1. e4 c6 2. d4 d5 3. exd5 Qa5+ 4. Nc3 a6 5. dxc6 bxc6 6. Bd2 Nf6 7. Nf3 Nbd7 8.
Bc4 Qf5 9. O-O e6 10. Re1 Bd6 11. Ng5 Ng4 12. h3 Nxf2 13. Qf3 Qxf3 14. Nxf3 Ng4
15. hxg4 Bb7 16. Bxe6 O-O-O 17. Bxd7+ Rxd7 18. Ne5 Re7 19. Nc4 Bb4 20. Rxe7 Bxe7
21. Ne4 h5 22. gxh5 c5 23. Nxc5 Bd5 24. Nb6+ Kb8 25. Nxd5 Bh4 26. Bf4+ Kc8 27.
Re1 Bxe1 0-1

[Event "AUTO-OPEN-1063"]
[Site "http://www.queenalice.com/game.php?id=374613"]
[Date "2008.3.21"]
[Round "1"]
[White "Kaka"]
[Black "cirilovsk"]
[Result "1-0"]
[WhiteElo "1628"]
[BlackElo "1404"]

1. e4 c5 2. Bc4 e6 3. e5 Nc6 4. Nf3 a6 5. d4 cxd4 6. Ng5 Nxe5 7. Bb3 Nc6 8. Ne4
Nf6 9. Bg5 Be7 10. Qf3 Nxe4 11. Bf4 Nf6 12. Qg3 Nh5 13. Bc7 Nxg3 14. Bxd8 Nxh1
15. Bc7 b5 16. Nd2 Bb7 17. a3 Na7 18. O-O-O Nxf2 19. Rf1 Ng4 20. h3 Ne3 21. Rf4
Rc8 22. Bb6 Nc6 23. Ne4 O-O 24. g4 a5 25. a4 bxa4 26. Bxa4 Nb4 27. c3 1-0